[Event "Titled Tuesday intern op 21st May Early"]
[Site "Chess.com INT"]
[Date "2024.05.21"]
[Round "3"]
[White "Dreelinck, Jacob"]
[Black "Parondo, Rolly"]
[Result "0-1"]
[WhiteElo "2310"]
[BlackElo "2193"]
[PlyCount "70"]
[EventDate "2024.05.21"]
[EventType "swiss (blitz)"]
[EventRounds "11"]
[EventCountry "USA"]
[SourceTitle "CB22_2024"]
[SourceDate "2024.05.29"]
[SourceVersion "1"]
[SourceVersionDate "2024.05.29"]
[SourceQuality "1"]

1. d4 Nf6 2. c3 g6 3. e3 Bg7 4. f4 0-0 5. Nf3 d6 6. Bd3 c5 7. 0-0 Nc6 8. Nbd2 cxd4 9. exd4 e5 10. fxe5 dxe5 11. dxe5 Qxd3 12. exf6 Bxf6 13. Ne1 Qd8 14. Qf3 Bg7 15. Nc4 Be6 16. Qf4 g5 17. Qe4 Bd5 18. Qg4 f5 19. Qe2 h6 20. Ne3 Be4 21. Nf3 Bd3 22. Qf2 Bxf1 23. Qxf1 Qb6 24. Kh1 Rad8 25. h4 f4 26. Ng4 Qc5 27. hxg5 hxg5 28. Bd2 Qf5 29. Qc4+ Rf7 30. Nf2 g4 31. Nh4 Qh5 32. g3 Rxd2 33. Ne4 fxg3 34. Nxd2 Qxh4+ 35. Kg1 Qh2# 0-1

[Event "Titled Tuesday intern op 21st May Early"]
[Site "Chess.com INT"]
[Date "2024.05.21"]
[Round "4"]
[White "Mahdavi, Reza"]
[Black "Parondo, Rolly"]
[Result "0-1"]
[WhiteElo "2353"]
[BlackElo "2193"]
[PlyCount "118"]
[EventDate "2024.05.21"]
[EventType "swiss (blitz)"]
[EventRounds "11"]
[EventCountry "USA"]
[SourceTitle "CB22_2024"]
[SourceDate "2024.05.29"]
[SourceVersion "1"]
[SourceVersionDate "2024.05.29"]
[SourceQuality "1"]

1. e4 c5 2. Nf3 g6 3. c3 d5 4. exd5 Qxd5 5. d4 Bg7 6. Nbd2 cxd4 7. Bc4 Qh5 8. Qb3 Nh6 9. Ne4 0-0 10. Bg5 Qg4 11. Ng3 Nc6 12. 0-0 dxc3 13. h3 Qd7 14. Bb5 cxb2 15. Rad1 Qc7 16. Rfe1 Be6 17. Qc2 Nf5 18. Ne4 Rac8 19. Qa4 a6 20. Bd3 b5 21. Qxa6 Nb4 22. Qxb5 Nxd3 23. Qxd3 Bxa2 24. Ned2 Rfd8 25. Qa3 Be6 26. Nb1 Rxd1 27. Rxd1 Qc2 28. Re1 h6 29. Bf4 Bd5 30. Nfd2 Ra8 31. Qb4 Qc6 32. g4 Nh4 33. Qxe7 Bh1 34. Kf1 Bg2+ 35. Kg1 Bxh3 36. Re4 g5 37. Be5 Ng6 38. Qb4 Bxe5 39. f3 Qc1+ 40. Kf2 Qh1 41. Ke2 Rd8 42. Qc5 Nf4+ 43. Rxf4 Bxf4 44. Qe7 Qg2+ 45. Ke1 Bg3+ 46. Kd1 Qxf3+ 47. Kc2 Rc8+ 48. Kxb2 Bxg4 49. Nxf3 Bxf3 50. Qe3 g4 51. Qd3 Be5+ 52. Kb3 Rb8+ 53. Ka4 Bc6+ 54. Ka3 Rb7 55. Qf5 Bd6+ 56. Ka2 Bd7 57. Qe4 Be6+ 58. Ka1 Rb5 59. Nd2 Be5+ 0-1

[Event "Titled Tuesday intern op 21st May Early"]
[Site "Chess.com INT"]
[Date "2024.05.21"]
[Round "5"]
[White "Parondo, Rolly"]
[Black "Demchenko, Anton"]
[Result "0-1"]
[WhiteElo "2193"]
[BlackElo "2609"]
[PlyCount "80"]
[EventDate "2024.05.21"]
[EventType "swiss (blitz)"]
[EventRounds "11"]
[EventCountry "USA"]
[SourceTitle "CB22_2024"]
[SourceDate "2024.05.29"]
[SourceVersion "1"]
[SourceVersionDate "2024.05.29"]
[SourceQuality "1"]

1. d4 Nf6 2. Bf4 g6 3. e3 Bg7 4. Nf3 0-0 5. h3 d6 6. Bc4 Nbd7 7. 0-0 b6 8. a4 a6 9. c3 Bb7 10. Nbd2 Ne4 11. Nxe4 Bxe4 12. Qe2 Bb7 13. e4 e5 14. dxe5 dxe5 15. Bg5 Qe8 16. Rfd1 Nc5 17. Bd5 Bxd5 18. exd5 Nxa4 19. Be3 e4 20. Nd4 b5 21. Nc6 f5 22. Bf4 Qd7 23. Ne5 Qe8 24. Nc6 Rf7 25. h4 Qd7 26. Ne5 Bxe5 27. Bxe5 Qe7 28. Bf4 Qxh4 29. g3 Qe7 30. d6 cxd6 31. Bxd6 Qe6 32. Bb4 f4 33. Rd6 Qe5 34. Qg4 Re8 35. Rad1 e3 36. R6d5 exf2+ 37. Kxf2 fxg3+ 38. Kg1 Qe3+ 39. Kh1 Rf2 40. Rh5 Qe1+ 0-1

[Event "Titled Tuesday intern op 21st May Early"]
[Site "Chess.com INT"]
[Date "2024.05.21"]
[Round "10"]
[White "Shvedova, Alexandra"]
[Black "Parondo, Rolly"]
[Result "0-1"]
[WhiteElo "2196"]
[BlackElo "2193"]
[PlyCount "56"]
[EventDate "2024.05.21"]
[EventType "swiss (blitz)"]
[EventRounds "11"]
[EventCountry "USA"]
[SourceTitle "CB22_2024"]
[SourceDate "2024.05.29"]
[SourceVersion "1"]
[SourceVersionDate "2024.05.29"]
[SourceQuality "1"]

1. e4 c5 2. Ne2 g6 3. d4 cxd4 4. Nxd4 Bg7 5. c4 Nc6 6. Be3 Nf6 7. Nc3 0-0 8. Be2 d6 9. f3 Nxd4 10. Bxd4 Be6 11. Qd2 Qa5 12. 0-0 Rfc8 13. b3 a6 14. f4 Nxe4 15. Nxe4 Qxd2 16. Nxd2 Bxd4+ 17. Kh1 Bxa1 18. Rxa1 b5 19. Kg1 bxc4 20. Nxc4 Bxc4 21. Bxc4 e6 22. Kf2 d5 23. Be2 Rc2 24. a3 a5 25. a4 Rb8 26. Rb1 Rb4 27. g3 h5 28. Ke1 Re4 0-1

[Event "Titled Tuesday intern op 21st May Early"]
[Site "Chess.com INT"]
[Date "2024.05.21"]
[Round "6"]
[White "Yoo, Christopher Woojin"]
[Black "Parondo, Rolly"]
[Result "1-0"]
[WhiteElo "2599"]
[BlackElo "2193"]
[PlyCount "67"]
[EventDate "2024.05.21"]
[EventType "swiss (blitz)"]
[EventRounds "11"]
[EventCountry "USA"]
[SourceTitle "CB22_2024"]
[SourceDate "2024.05.29"]
[SourceVersion "1"]
[SourceVersionDate "2024.05.29"]
[SourceQuality "1"]

1. e4 c5 2. Nf3 g6 3. c3 Bg7 4. d4 cxd4 5. cxd4 d5 6. e5 Nc6 7. Nc3 Bg4 8. Be2 e6 9. Ng1 Bxe2 10. Ngxe2 Nge7 11. Bg5 h6 12. Bxe7 Qxe7 13. 0-0 0-0 14. Qd3 a6 15. Rac1 Rac8 16. Na4 Rc7 17. Rc3 Nb4 18. Qb1 Rxc3 19. bxc3 Nc6 20. f4 b5 21. Nc5 Qa7 22. g4 Kh7 23. h4 Kh8 24. Kg2 Na5 25. Qd3 Nc4 26. Rh1 Rc8 27. h5 Rxc5 28. dxc5 Qxc5 29. hxg6 f6 30. exf6 Bxf6 31. Rxh6+ Kg8 32. Qh3 Ne3+ 33. Kf3 Bg7 34. Rh8+ 1-0

[Event "Titled Tuesday intern op 30th Apr Early"]
[Site "Chess.com INT"]
[Date "2024.04.30"]
[Round "3"]
[White "Parondo, Rolly"]
[Black "Kleibel, Uwe"]
[Result "1-0"]
[WhiteElo "2193"]
[BlackElo "2302"]
[PlyCount "69"]
[EventDate "2024.04.30"]
[EventType "swiss (blitz)"]
[EventRounds "11"]
[EventCountry "USA"]
[SourceTitle "CB19_2024"]
[SourceDate "2024.05.08"]
[SourceVersion "1"]
[SourceVersionDate "2024.05.08"]
[SourceQuality "1"]

1. d4 Nf6 2. Bf4 c5 3. e3 Qb6 4. Na3 d5 5. Nb5 Na6 6. c3 Bd7 7. a4 g6 8. Nf3 Bg7 9. Ne5 0-0 10. Nxd7 Nxd7 11. Be2 Rad8 12. 0-0 e5 13. Bg5 f6 14. Bh4 cxd4 15. exd4 e4 16. Bg3 f5 17. Bd6 Rf7 18. c4 Nf6 19. c5 Qc6 20. Nxa7 Qd7 21. Be5 Ne8 22. Bxg7 Rxg7 23. f4 g5 24. Qd2 h6 25. Bb5 Qe6 26. Bxe8 Rxe8 27. Nb5 e3 28. Qe2 Qe4 29. Nd6 Qxd4 30. Nxe8 Re7 31. Nd6 Qxc5 32. Nxf5 Re6 33. Rac1 Qb6 34. fxg5 hxg5 35. Rc8+ 1-0

[Event "Titled Tuesday intern op 30th Apr Early"]
[Site "Chess.com INT"]
[Date "2024.04.30"]
[Round "8"]
[White "Parondo, Rolly"]
[Black "Ovezdurdiyeva, Jemal"]
[Result "1-0"]
[WhiteElo "2193"]
[BlackElo "2063"]
[PlyCount "111"]
[EventDate "2024.04.30"]
[EventType "swiss (blitz)"]
[EventRounds "11"]
[EventCountry "USA"]
[SourceTitle "CB19_2024"]
[SourceDate "2024.05.08"]
[SourceVersion "1"]
[SourceVersionDate "2024.05.08"]
[SourceQuality "1"]

1. e4 d6 2. d4 Nf6 3. Bd3 g6 4. Ne2 Bg7 5. 0-0 0-0 6. c3 e5 7. f4 Nc6 8. d5 Ne7 9. fxe5 dxe5 10. Bg5 Ne8 11. Nd2 Nd6 12. Qe1 f6 13. Be3 f5 14. c4 b6 15. b4 fxe4 16. Nxe4 Nxe4 17. Bxe4 Nf5 18. Bf2 Nd6 19. Nc3 Nxc4 20. d6 Rb8 21. Bd5+ Kh8 22. Bxc4 cxd6 23. Bd5 Ba6 24. b5 Bb7 25. Rd1 Bc8 26. Bc6 Bg4 27. Rd3 Bf5 28. Rd2 Qe7 29. Nd5 Qg5 30. Bh4 Qh5 31. Be7 Rf7 32. Qe2 Qxe2 33. Rxe2 Bf8 34. Bxf8 Rbxf8 35. Ref2 h5 36. h3 Kg7 37. Ne3 Rf6 38. g4 hxg4 39. hxg4 Bc8 40. Rxf6 Rxf6 41. Rd1 Rf4 42. g5 Ra4 43. Rxd6 Rxa2 44. Rd8 Bh3 45. Re8 a5 46. Re7+ Kf8 47. Rxe5 a4 48. Nd5 Ra1+ 49. Kh2 Bf5 50. Re8+ Kf7 51. Re7+ Kf8 52. Ra7 Ra3 53. Nf6 Ra2+ 54. Kg3 Ra3+ 55. Kf4 Ra1 56. Be8 1-0

[Event "Titled Tuesday intern op 30th Apr Early"]
[Site "Chess.com INT"]
[Date "2024.04.30"]
[Round "4"]
[White "Singh, Siddharth"]
[Black "Parondo, Rolly"]
[Result "1-0"]
[WhiteElo "1981"]
[BlackElo "2193"]
[PlyCount "89"]
[EventDate "2024.04.30"]
[EventType "swiss (blitz)"]
[EventRounds "11"]
[EventCountry "USA"]
[SourceTitle "CB19_2024"]
[SourceDate "2024.05.08"]
[SourceVersion "1"]
[SourceVersionDate "2024.05.08"]
[SourceQuality "1"]

1. e4 c5 2. Nf3 d6 3. d4 cxd4 4. Nxd4 Nf6 5. Nc3 g6 6. Be3 Bg7 7. f3 Nc6 8. Qd2 0-0 9. 0-0-0 d5 10. Qe1 Nxd4 11. Bxd4 Qa5 12. exd5 Bd7 13. Bc4 b5 14. Bb3 b4 15. Ne4 Qb5 16. Nxf6+ exf6 17. h4 a5 18. Qf1 Qxf1 19. Rhxf1 Bb5 20. c4 bxc3 21. Bxc3 a4 22. Bc2 Bxf1 23. Rxf1 a3 24. Bb4 axb2+ 25. Kxb2 f5+ 26. Kb3 Rab8 27. a3 Rfd8 28. Rd1 Bf8 29. h5 Bxb4 30. axb4 Rb5 31. Kc4 Rdb8 32. Rb1 Kf8 33. Ba4 R5b7 34. Bc6 Ra7 35. hxg6 fxg6 36. Kc5 Ra2 37. b5 Rc2+ 38. Kd6 h5 39. Kc7 Re8 40. d6 Ra8 41. b6 Ra3 42. d7 Rac3 43. d8Q+ Kg7 44. Qd7+ Kh6 45. b7 1-0

[Event "Titled Tuesday intern op 13th Jun Early"]
[Site "Chess.com INT"]
[Date "2023.06.13"]
[Round "6"]
[White "Maatman, Nick"]
[Black "Parondo, Rolly"]
[Result "1-0"]
[WhiteElo "2362"]
[BlackElo "2193"]
[PlyCount "65"]
[EventDate "2023.06.13"]
[EventType "swiss (blitz)"]
[EventRounds "11"]
[EventCountry "USA"]
[SourceTitle "EXT 2024"]
[Source "ChessBase"]
[SourceDate "2023.10.10"]
[SourceVersion "1"]
[SourceVersionDate "2023.10.10"]
[SourceQuality "1"]

1. d4 Nf6 2. c4 g6 3. Nf3 Bg7 4. Nc3 d6 5. e4 0-0 6. Be2 e5 7. 0-0 exd4 8. Nxd4 Re8 9. f3 c6 10. Kh1 Nbd7 11. Bf4 Nh5 12. Bxd6 Qf6 13. e5 Nxe5 14. Ne4 Qh4 15. g3 Qd8 16. c5 Bh3 17. Re1 h6 18. Qc2 Qc8 19. Rad1 Kh7 20. Nf2 Bd7 21. f4 Ng4 22. Bxg4 Bxg4 23. Rxe8 Qxe8 24. Nxg4 Bxd4 25. Rxd4 Qe1+ 26. Kg2 Re8 27. Be5 Re7 28. Qd2 Qb1 29. Nf6+ Nxf6 30. Bxf6 Re6 31. Be5 Qxa2 32. Rd8 Rxe5 33. fxe5 1-0

[Event "Titled Tuesday intern op 13th Jun Early"]
[Site "Chess.com INT"]
[Date "2023.06.13"]
[Round "4"]
[White "Maximov, Dmitry"]
[Black "Parondo, Rolly"]
[Result "1-0"]
[WhiteElo "2497"]
[BlackElo "2193"]
[PlyCount "41"]
[EventDate "2023.06.13"]
[EventType "swiss (blitz)"]
[EventRounds "11"]
[EventCountry "USA"]
[SourceTitle "EXT 2024"]
[Source "ChessBase"]
[SourceDate "2023.10.10"]
[SourceVersion "1"]
[SourceVersionDate "2023.10.10"]
[SourceQuality "1"]

1. e4 c5 2. Nf3 g6 3. c3 Bg7 4. d4 cxd4 5. cxd4 d5 6. e5 Bg4 7. Bb5+ Nd7 8. 0-0 e6 9. Nbd2 Ne7 10. h3 Bxf3 11. Nxf3 h6 12. Bd3 Rc8 13. Be3 0-0 14. Qd2 Kh7 15. h4 Nf5 16. h5 Nb8 17. Kh2 Nc6 18. hxg6+ fxg6 19. Rh1 Ncxd4 20. Nxd4 Nxd4 21. Bxd4 1-0

[Event "THA-chT op"]
[Site "Bangkok"]
[Date "2020.12.11"]
[Round "4.3"]
[White "Teerapabpaisit, Wisuwat"]
[Black "Parondo, Rolly"]
[Result "1-0"]
[WhiteElo "2122"]
[BlackElo "2201"]
[PlyCount "125"]
[EventDate "2020.12.10"]
[EventType "team-swiss"]
[EventRounds "9"]
[EventCountry "THA"]
[SourceTitle "CBM 199 Extra"]
[Source "ChessBase"]
[SourceDate "2021.01.31"]
[SourceVersion "1"]
[SourceVersionDate "2021.01.31"]
[SourceQuality "1"]
[WhiteTeam "East Bangapi"]
[BlackTeam "Double Bishop"]
[WhiteTeamCountry "THA"]
[BlackTeamCountry "THA"]

1. e4 c5 2. Nf3 g6 3. d4 cxd4 4. Nxd4 Bg7 5. Nc3 Nc6 6. Be3 Nf6 7. Nxc6 bxc6 8. e5 Ng8 9. Bd4 f6 10. f4 fxe5 11. fxe5 Qc7 12. e6 Nf6 13. exd7+ Bxd7 14. Qe2 Bg4 15. Qe3 Rd8 16. Bc4 Bh6 17. Qe5 Qd7 18. Be3 Bxe3 19. Qxe3 Nd5 20. Bxd5 cxd5 21. 0-0 Bf5 22. Rad1 d4 23. Qe5 0-0 24. Ne2 Bg4 25. Rxf8+ Rxf8 26. h3 Bxe2 27. Qxe2 Rd8 28. Re1 Re8 29. Qe5 e6 30. Re4 Rd8 31. Qxe6+ Qxe6 32. Rxe6 Kf7 33. Rc6 a5 34. b3 d3 35. cxd3 Rxd3 36. Ra6 Rd5 37. Kh2 h5 38. Kg3 g5 39. Kf3 Kg7 40. g4 h4 41. Ke4 Rb5 42. Rd6 Rb4+ 43. Rd4 Rb5 44. Rd5 Rb4+ 45. Kf5 a4 46. Kxg5 axb3 47. axb3 Rxb3 48. Rd7+ Kg8 49. Kxh4 Ra3 50. Rb7 Rc3 51. Ra7 Rb3 52. g5 Rc3 53. Kg4 Rb3 54. h4 Rb4+ 55. Kh5 Rb6 56. g6 Rb8 57. Kg5 Rb5+ 58. Kh6 Rb8 59. h5 Rc8 60. Ra5 Rb8 61. Kg5 Rc8 62. h6 Rb8 63. h7+ 1-0

[Event "THA-chT op"]
[Site "Bangkok"]
[Date "2020.12.11"]
[Round "3.3"]
[White "Tuamsang, Sawapop"]
[Black "Parondo, Rolly"]
[Result "0-1"]
[WhiteElo "1902"]
[BlackElo "2201"]
[PlyCount "88"]
[EventDate "2020.12.10"]
[EventType "team-swiss"]
[EventRounds "9"]
[EventCountry "THA"]
[SourceTitle "CBM 199 Extra"]
[Source "ChessBase"]
[SourceDate "2021.01.31"]
[SourceVersion "1"]
[SourceVersionDate "2021.01.31"]
[SourceQuality "1"]
[WhiteTeam "Jane Gambit"]
[BlackTeam "Double Bishop"]
[WhiteTeamCountry "THA"]
[BlackTeamCountry "THA"]

1. d4 Nf6 2. c4 g6 3. Nc3 Bg7 4. e4 d6 5. f3 0-0 6. Be3 c5 7. dxc5 dxc5 8. Qxd8 Rxd8 9. Bxc5 Nc6 10. Rd1 Rxd1+ 11. Kxd1 Nd7 12. Be3 Bxc3 13. bxc3 b6 14. Ne2 Nc5 15. Bxc5 bxc5 16. Nf4 Ba6 17. Nd5 e6 18. Ne3 f5 19. g3 Rb8 20. Kc2 fxe4 21. fxe4 Rf8 22. Be2 Rf2 23. Kd1 Ne5 24. Ke1 Rf8 25. Rf1 Rb8 26. Kf2 Rb2 27. Rd1 Rxa2 28. Kf1 h5 29. Rb1 Kf7 30. h3 Nd7 31. g4 h4 32. g5 Ra3 33. Rc1 Bb7 34. Bd3 Ne5 35. Ke2 a5 36. Ng2 Ra2+ 37. Rc2 Nxd3 38. Rxa2 Nc1+ 39. Kd2 Nxa2 40. Ne3 Bxe4 41. Nd1 a4 42. Nb2 a3 43. Na4 Nb4 44. Nxc5 a2 0-1

[Event "THA-chT op"]
[Site "Bangkok"]
[Date "2020.12.10"]
[Round "2.3"]
[White "Parondo, Rolly"]
[Black "Alriyami, Faris Rashid"]
[Result "1-0"]
[WhiteElo "2201"]
[BlackElo "1729"]
[PlyCount "75"]
[EventDate "2020.12.10"]
[EventType "team-swiss"]
[EventRounds "9"]
[EventCountry "THA"]
[SourceTitle "CBM 199 Extra"]
[Source "ChessBase"]
[SourceDate "2021.01.31"]
[SourceVersion "1"]
[SourceVersionDate "2021.01.31"]
[SourceQuality "1"]
[WhiteTeam "Double Bishop"]
[BlackTeam "Red Knight CC"]
[WhiteTeamCountry "THA"]
[BlackTeamCountry "THA"]

1. Nf3 Nf6 2. g3 b5 3. Bg2 Bb7 4. 0-0 c5 5. d3 e6 6. e4 d6 7. Re1 Be7 8. Nbd2 0-0 9. Nf1 a5 10. h3 Na6 11. g4 Nc7 12. Ng3 b4 13. a3 Bc6 14. a4 b3 15. c3 Rb8 16. Nd2 Qd7 17. Nxb3 Bxa4 18. Nxc5 dxc5 19. Rxa4 Qb5 20. g5 Nd7 21. e5 Rfd8 22. Bf1 Nf8 23. Rae4 Ng6 24. Qg4 Qb6 25. h4 Nd5 26. h5 Nf8 27. R4e2 Qc6 28. Ne4 Nb6 29. Re3 Na4 30. Rf3 Nxb2 31. Rxf7 Nxd3 32. Rxe7 Nxe1 33. Qf4 Qe8 34. Rxe8 Rxe8 35. Nd6 Re7 36. Qe4 Nd7 37. Qxe1 Rf8 38. Bd3 1-0

[Event "THA-chT"]
[Site "Bangkok"]
[Date "2019.12.19"]
[Round "8.1"]
[White "Menkinoski, Riste"]
[Black "Parondo, Rolly"]
[Result "1/2-1/2"]
[WhiteElo "2305"]
[BlackElo "2202"]
[PlyCount "79"]
[EventDate "2019.12.16"]
[EventType "team-swiss"]
[EventRounds "9"]
[EventCountry "THA"]
[SourceTitle "CBM 194 Extra"]
[Source "ChessBase"]
[SourceDate "2020.03.31"]
[SourceVersion "1"]
[SourceVersionDate "2020.03.31"]
[SourceQuality "1"]
[WhiteTeam "Red Knight CC"]
[BlackTeam "Double Bishop"]
[WhiteTeamCountry "THA"]
[BlackTeamCountry "THA"]

1. e4 c5 2. Nf3 g6 3. d4 cxd4 4. Qxd4 Nf6 5. Nc3 Nc6 6. Qa4 Bg7 7. e5 Ng8 8. Bf4 f6 9. exf6 Nxf6 10. Bc4 d5 11. 0-0-0 e6 12. Bb5 0-0 13. Bxc6 bxc6 14. Qxc6 Bd7 15. Qc7 Ng4 16. Qxd8 Raxd8 17. Bg3 Bxc3 18. bxc3 Rc8 19. Rd4 Nf6 20. Ne5 Rxc3 21. Bh4 Be8 22. Kb2 Rc7 23. Bxf6 Rxf6 24. f4 g5 25. g3 gxf4 26. gxf4 Bg6 27. c4 dxc4 28. Nxc4 Rf8 29. Re1 Rb8+ 30. Kc3 Rb6 31. Red1 Rbc6 32. Rd8+ Be8 33. Rxe8+ Kf7 34. Rdd8 Rxc4+ 35. Kb3 Rc3+ 36. Kb4 R3c4+ 37. Kb3 Rc3+ 38. Kb4 Kg7 39. Kb5 a6+ 40. Kxa6 1/2-1/2

[Event "THA-chT"]
[Site "Bangkok"]
[Date "2019.12.19"]
[Round "7.1"]
[White "Parondo, Rolly"]
[Black "Kulpruethanon, Thanadon"]
[Result "0-1"]
[WhiteElo "2202"]
[BlackElo "2278"]
[PlyCount "120"]
[EventDate "2019.12.16"]
[EventType "team-swiss"]
[EventRounds "9"]
[EventCountry "THA"]
[SourceTitle "CBM 194 Extra"]
[Source "ChessBase"]
[SourceDate "2020.03.31"]
[SourceVersion "1"]
[SourceVersionDate "2020.03.31"]
[SourceQuality "1"]
[WhiteTeam "Double Bishop"]
[BlackTeam "East Bangapi"]
[WhiteTeamCountry "THA"]
[BlackTeamCountry "THA"]

1. Nf3 c5 2. g3 g6 3. Bg2 Bg7 4. 0-0 Nc6 5. d3 d6 6. c4 e6 7. Nc3 Nge7 8. Bd2 0-0 9. Rb1 b6 10. a3 Bb7 11. b4 Qd7 12. e4 Rac8 13. Bh3 h6 14. Qc1 Kh7 15. b5 Nd4 16. Nxd4 cxd4 17. Ne2 f5 18. exf5 Nxf5 19. Qe1 d5 20. Nf4 Rfe8 21. cxd5 e5 22. Ng2 Qxd5 23. f3 Rc7 24. g4 Nd6 25. Qh4 Nf7 26. g5 Rc2 27. gxh6 Rxd2 28. hxg7+ Kxg7 29. Qg3 Qd8 30. Rbd1 Rxd1 31. Rxd1 Qg5 32. Bg4 Nh6 33. h4 Qf6 34. Rc1 Re7 35. a4 Rf7 36. Re1 Bxf3 37. Bxf3 Qxf3 38. Qxe5+ Kh7 39. Qe2 Qg3 40. Rf1 Rxf1+ 41. Qxf1 Nf5 42. h5 Kh6 43. hxg6 Kxg6 44. Qe1 Qxe1+ 45. Nxe1 Kf6 46. Nc2 Ke5 47. Nb4 Kd6 48. Kf2 Ng7 49. Nc6 Ne6 50. Nxa7 Nc5 51. Kf3 Nxa4 52. Ke4 Kc5 53. Kf5 Nb2 54. Ke4 Nd1 55. Kf3 Nc3 56. Kf2 Nxb5 57. Nc8 Nc3 58. Ke1 Nd5 59. Kd2 b5 60. Na7 Ne7 0-1

[Event "THA-chT"]
[Site "Bangkok"]
[Date "2019.12.17"]
[Round "3.2"]
[White "Parondo, Rolly"]
[Black "Turqueza, Mari Joseph"]
[Result "1/2-1/2"]
[WhiteElo "2202"]
[BlackElo "2290"]
[PlyCount "74"]
[EventDate "2019.12.16"]
[EventType "team-swiss"]
[EventRounds "9"]
[EventCountry "THA"]
[SourceTitle "CBM 194 Extra"]
[Source "ChessBase"]
[SourceDate "2020.03.31"]
[SourceVersion "1"]
[SourceVersionDate "2020.03.31"]
[SourceQuality "1"]
[WhiteTeam "Double Bishop"]
[BlackTeam "Big Rook Chess Academy"]
[WhiteTeamCountry "THA"]
[BlackTeamCountry "THA"]

1. d4 Nf6 2. Bf4 c5 3. e3 g6 4. c3 b6 5. Nd2 Bg7 6. h3 0-0 7. Ngf3 d6 8. Be2 Ba6 9. 0-0 Qc8 10. Re1 Bxe2 11. Rxe2 Qa6 12. e4 Rd8 13. e5 dxe5 14. dxe5 Nd5 15. Bg3 Nc6 16. Re1 Nc7 17. Qc2 Rd3 18. Ne4 Rad8 19. Qe2 h6 20. Nf6+ exf6 21. exf6 Re8 22. Qf1 Bxf6 23. Bxc7 Rxe1 24. Nxe1 c4 25. Nxd3 cxd3 26. Rd1 Qxa2 27. Rd2 Bxc3 28. Rxd3 Qxb2 29. Rd6 Nd4 30. Rd8+ Kh7 31. Be5 Nf3+ 32. gxf3 Bxe5 33. Rd7 Qa2 34. Qe1 Qe6 35. Qd2 Qxh3 36. f4 Qg4+ 37. Kf1 Qh3+ 1/2-1/2

[Event "Bangkok Assumption op"]
[Site "Bangkok"]
[Date "2017.03.19"]
[Round "9"]
[White "Parondo, Rolly"]
[Black "Hansing, Saphong"]
[Result "1-0"]
[WhiteElo "2043"]
[BlackElo "1937"]
[PlyCount "101"]
[EventDate "2017.03.10"]
[EventType "swiss"]
[EventRounds "9"]
[EventCountry "THA"]
[SourceTitle "EXT 2018"]
[Source "ChessBase"]
[SourceDate "2017.10.13"]
[SourceVersion "1"]
[SourceVersionDate "2017.10.13"]
[SourceQuality "1"]

1. c4 c5 2. Nc3 Nc6 3. g3 Nf6 4. Bg2 e6 5. Nf3 Be7 6. d4 cxd4 7. Nxd4 0-0 8. 0-0 a6 9. b3 Qc7 10. Bb2 d6 11. Rc1 Bd7 12. Nd5 exd5 13. cxd5 Nxd5 14. Bxd5 Rac8 15. Qd3 Qd8 16. Nf5 Bf6 17. Bxf6 Qxf6 18. Ne3 Nb4 19. Qd2 Nxd5 20. Nxd5 Qd8 21. Rxc8 Bxc8 22. Rd1 Re8 23. Nf4 Re7 24. h4 h6 25. Qb4 Rd7 26. Nh5 g6 27. Nf4 b5 28. Qd4 Bb7 29. e4 Bc6 30. f3 h5 31. Rc1 Bb7 32. Rc2 Qe7 33. Rd2 Bc6 34. Nd3 f6 35. Kf2 Kf7 36. Rc2 Bb7 37. Nf4 Qd8 38. b4 Rc7 39. Rd2 Rd7 40. Qd3 Qe7 41. e5 dxe5 42. Qxd7 exf4 43. gxf4 Ba8 44. f5 gxf5 45. Qxf5 Bc6 46. Qxh5+ Kg7 47. Rd4 Qa7 48. Qc5 Qb7 49. Rd6 Be8 50. Qd4 Qf7 51. Rxa6 1-0

[Event "Bangkok Assumption op"]
[Site "Bangkok"]
[Date "2017.03.18"]
[Round "8"]
[White "Khumnorkaew, Tupfah"]
[Black "Parondo, Rolly"]
[Result "1/2-1/2"]
[WhiteElo "2111"]
[BlackElo "2043"]
[PlyCount "159"]
[EventDate "2017.03.10"]
[EventType "swiss"]
[EventRounds "9"]
[EventCountry "THA"]
[SourceTitle "EXT 2018"]
[Source "ChessBase"]
[SourceDate "2017.10.13"]
[SourceVersion "1"]
[SourceVersionDate "2017.10.13"]
[SourceQuality "1"]

1. d4 Nf6 2. c4 g6 3. Nc3 Bg7 4. e4 d6 5. Nf3 0-0 6. Be2 e5 7. dxe5 dxe5 8. Qxd8 Rxd8 9. Bg5 Re8 10. Rd1 Na6 11. 0-0 Bg4 12. h3 Bxf3 13. Bxf3 h6 14. Be3 c6 15. Rd6 Nc7 16. Rfd1 Ne6 17. a3 Bf8 18. R6d2 b6 19. g3 Rad8 20. Bg2 Rxd2 21. Rxd2 Rd8 22. Rxd8 Nxd8 23. f4 Ne6 24. Kf2 Bd6 25. f5 Ng5 26. Ke2 Kg7 27. g4 Ngh7 28. Bf3 g5 29. b4 Nd7 30. Na4 Nhf6 31. c5 bxc5 32. bxc5 Be7 33. Kd2 Ne8 34. Be2 Nef6 35. Kd3 Kf8 36. Bd1 Ke8 37. Bb3 h5 38. Bd1 hxg4 39. hxg4 Ng8 40. Bf3 Kd8 41. Kc4 Kc7 42. Nb2 Nh6 43. Nd3 f6 44. Bd2 Kb7 45. Bd1 Nf7 46. Ba5 Nh6 47. Bd2 Nf7 48. Be3 Nh6 49. Nf2 Bd8 50. Kb4 Nb8 51. Be2 Be7 52. Kc4 Nd7 53. Bd1 Kc7 54. Bb3 Nb8 55. Bd1 Nd7 56. Nd3 Kb7 57. Nb4 Kc7 58. Nc2 Kb7 59. Na1 Kc7 60. Nb3 Kb7 61. Bd2 Kc7 62. Ba5+ Kb7 63. Bb4 Kc7 64. Be2 Nb8 65. Kc3 Kd7 66. Kd2 Kc7 67. Ke3 Nd7 68. Kf3 Nf7 69. Ke3 Nh6 70. Kd3 Kb7 71. Kc4 Kc7 72. Be1 Kb7 73. Bf2 Kc7 74. Nd2 Kb7 75. Nf1 Nb8 76. Ng3 Na6 77. Nh5 Nc7 78. Ng7 Bf8 79. Nh5 Be7 80. Ng7 1/2-1/2

[Event "Subic Bay Puregold op-B"]
[Site "Subic Bay"]
[Date "2016.12.15"]
[Round "5"]
[White "Macasinag, Leandro"]
[Black "Parondo, Rolly"]
[Result "0-1"]
[WhiteElo "2026"]
[BlackElo "2100"]
[PlyCount "94"]
[EventDate "2016.12.13"]
[EventType "swiss"]
[EventRounds "9"]
[EventCountry "PHI"]
[SourceTitle "EXT 2018"]
[Source "ChessBase"]
[SourceDate "2017.10.13"]
[SourceVersion "1"]
[SourceVersionDate "2017.10.13"]
[SourceQuality "1"]

1. d4 d5 2. c4 e6 3. Nc3 f5 4. cxd5 exd5 5. g3 c6 6. Bg2 Nf6 7. Nh3 Be7 8. 0-0 0-0 9. f3 Qb6 10. Nf2 Be6 11. Rb1 Na6 12. b4 Qd8 13. b5 Nc7 14. bxc6 bxc6 15. Bf4 Bd6 16. Bxd6 Qxd6 17. Na4 f4 18. g4 Nb5 19. Qd2 Nd7 20. Rfc1 Bf7 21. Nc5 Nb6 22. a4 Na3 23. Rb3 Nac4 24. Qc3 Rae8 25. Bf1 Re3 26. Qc2 Bg6 27. Qa2 Rfe8 28. Ncd3 Qf6 29. a5 Nc8 30. Ne5 Nxe5 31. dxe5 R3xe5 32. Rbc3 Ne7 33. Qb3 Re6 34. Qb7 Qd4 35. Qd7 Re5 36. Rc5 h5 37. h3 hxg4 38. hxg4 Re3 39. a6 Qf6 40. Qxa7 Qh4 41. Nh1 Nf5 42. gxf5 Bxf5 43. Rxc6 Rxe2 44. Bg2 Rxg2+ 45. Kxg2 Bh3+ 46. Kh2 Re2+ 47. Nf2 Qg3+ 0-1